| 000 -LEADER |
| fixed length control field |
00736nam a2200181Ia 4500 |
| 001 - CONTROL NUMBER |
| control field |
15480 |
| 003 - CONTROL NUMBER IDENTIFIER |
| control field |
GE_BSU |
| 005 - DATE AND TIME OF LATEST TRANSACTION |
| control field |
20241203172849.0 |
| 008 - FIXED-LENGTH DATA ELEMENTS--GENERAL INFORMATION |
| fixed length control field |
181216s1956||||ru |||||||||||||| ||rus|| |
| 040 ## - CATALOGING SOURCE |
| Transcribing agency |
GE_BSU |
| 041 ## - LANGUAGE CODE |
| Language code of text/sound track or separate title |
geo |
| 080 ## - UNIVERSAL DECIMAL CLASSIFICATION NUMBER |
| Universal Decimal Classification number |
61(035) С-74 |
| 245 ## - TITLE STATEMENT |
| Title |
Справочник практического врача в 2-х томах : |
| Statement of responsibility, etc. |
Под общ. ред. ; П. И.Егорова, А. А. Бусалова, В. А. Кракова и др. ; Сост. Алексеев Г. А. ; Алексеев Н. Г. ; Ариевич А. М. |
| 264 ## - PRODUCTION, PUBLICATION, DISTRIBUTION, MANUFACTURE, AND COPYRIGHT NOTICE |
| Place of production, publication, distribution, manufacture |
Москва : |
| Name of producer, publisher, distributor, manufacturer |
Медгиз, |
| Date of production, publication, distribution, manufacture, or copyright notice |
1956. |
| 300 ## - PHYSICAL DESCRIPTION |
| Extent |
1071 стр. ; |
| Dimensions |
21 см. |
| 653 ## - INDEX TERM--UNCONTROLLED |
| keyword |
Справочник практического врача |
| 942 ## - ADDED ENTRY ELEMENTS (KOHA) |
| Koha item type |
წიგნი |
| Source of classification or shelving scheme |
|